| 000 | 00396nam a2200169Ia 4500 | ||
|---|---|---|---|
| 005 | 20140403093043.0 | ||
| 008 | 140130s9999 xx 000 0 und d | ||
| 050 |
_aPZ 7 _b.B146Ki 2004 |
||
| 245 |
_cBaglio, Ben _aKitten in the candy corn |
||
| 260 | _bScholastic, | ||
| 300 |
_a142 p. : _c21 cm. |
||
| 521 | _aG5 | ||
| 526 | _c730 | ||
| 942 |
_cBK _2lcc |
||
| 999 |
_c41059 _d41059 |
||